Tự học chơi cờ vua: Những ván cờ bất hủ
Sách giới thiệu những ván cờ xuất sắc nhất qua các thời đại của các nhà vô địch thế giới
Gardado en:
| Autor Principal: | |
|---|---|
| Formato: | Libro |
| Idioma: | Undetermined |
| Publicado: |
Đồng Nai
Nxb. Đồng Nai
1999
|
| Những chủ đề: | |
| Các nhãn: |
Engadir etiqueta
Sen Etiquetas, Sexa o primeiro en etiquetar este rexistro!
|
| Thư viện lưu trữ: | Trung tâm Học liệu Trường Đại học Cần Thơ |
|---|
| LEADER | 00670nam a2200181Ia 4500 | ||
|---|---|---|---|
| 001 | CTU_34473 | ||
| 008 | 210402s9999 xx 000 0 und d | ||
| 082 | |a 794.152 | ||
| 082 | |b T500 | ||
| 100 | |a Lê Phúc Trần Tú | ||
| 245 | 0 | |a Tự học chơi cờ vua: Những ván cờ bất hủ | |
| 245 | 0 | |c Lê Phúc Trần Tú | |
| 260 | |a Đồng Nai | ||
| 260 | |b Nxb. Đồng Nai | ||
| 260 | |c 1999 | ||
| 520 | |a Sách giới thiệu những ván cờ xuất sắc nhất qua các thời đại của các nhà vô địch thế giới | ||
| 650 | |a chess | ||
| 980 | |a Trung tâm Học liệu Trường Đại học Cần Thơ | ||